| 000 | 00564nam a22002057a 4500 | ||
|---|---|---|---|
| 999 |
_c158 _d158 |
||
| 003 | OSt | ||
| 005 | 20210501130131.0 | ||
| 008 | 140709b xxu||||| |||| 00| 0 eng d | ||
| 020 | _a0443056129 | ||
| 040 | _cDNLM | ||
| 082 | _aQS504 W84f 2000 | ||
| 100 |
_aYoung, Barbara; Heath, John W. _9425 |
||
| 245 |
_aWheater's Functional Histology: _ba text and colour atlas |
||
| 250 | _a4th ed. | ||
| 260 |
_aEdinburgh: _bChurchill LivingStone; _c2000 |
||
| 300 |
_a413 p: _bcol.ill; _c30 cm |
||
| 504 | _aIndex included | ||
| 650 |
_aHistology _9194 |
||
| 942 |
_2z _cB_BANK |
||